| 000 | 02331nam0a2200397 4500 | ||
|---|---|---|---|
| 001 | RU\NLR\BIBL_A\012465416 | ||
| 005 | 20241104202850.0 | ||
| 010 |
_a9785806427466 _9300 |
||
| 021 |
_aRU _b2020-66886 _9КН-П-5030 |
||
| 035 | _a(NLR Aleph) 012465416 | ||
| 090 |
_a12048040 _c12048040 |
||
| 100 | _a20210303d2019 k y0rusy50 ca | ||
| 101 | 0 |
_arus _aeng _deng |
|
| 102 | _aRU | ||
| 105 | _aah z 000zy | ||
| 181 | 0 |
_ai _baxxe |
|
| 182 | 0 | _an | |
| 200 | 1 |
_aНовые источники по истории Египта XV-X вв. до н. э. _dNew sources for the history of Egypt in the 15th-10th centuries BC _fЕ. С. Богословский _gРоссийская академия наук, Институт восточных рукописей (Азиатский музей), Российский государственный педагогический университет им. А. И. Герцена _zeng |
|
| 203 |
_aТекст _bвизуальный _cнепосредственный |
||
| 210 |
_aСанкт-Петербург _cИзд-во Российского государственного педагогического университета им. А. И. Герцена _d2019 |
||
| 215 |
_a258, [1] с. _cил., факс. _d25 |
||
| 225 | 1 |
_aСерия "Studia Aegyptia" _fред. совет: И. В. Богданов [и др.] |
|
| 300 | _aЗагл. корешка: Новые источники по истории Египта | ||
| 300 | _aАвтор также на англ. яз.: E. S. Bogoslovsky | ||
| 300 | _aЧасть текста англ. | ||
| 320 | _aБиблиогр.: с. 242-254, в тексте и в подстроч. примеч. | ||
| 510 | 1 |
_6z37790 _aNew sources for the history of Egypt in the 15th-10th centuries BC _zeng |
|
| 516 | 1 | _aНовые источники по истории Египта | |
| 607 |
_aЕгипет Древний _jИсточники и источниковедение _xИстория _zНовое царство _92204175 _3RU\NLR\AUTH\661324366 |
||
| 686 | 1 | _aТ3(0)310.7,01 | |
| 700 | 1 |
_aБогословский _bЕ.С. _gЕвгений Степанович |
|
| 790 | 1 |
_6z37510 _aBogoslovskij _bE. S. _gEvgenij Stepanovič |
|
| 942 | _cBOOK | ||
| 980 | _aNBR | ||